000 00399cam a2200157 4500
008 090401t1999 xxu||||| |||| 00| 0 eng d
020 _a0752003879
035 _a(Sirsi) u99236
041 _aeng
100 _aSmith, M.
245 _aLaw of assignment.
260 _aLondon
_bFT Law & Tax
_c1999
520 _aPUBLICATION ABANDONED - DO NOT MAKE RESERVATION
942 _n0
948 _c11/02/1998
999 _c99246
_d99246